000 00754nam a22002297a 4500
003 0
005 20251020154319.0
008 251020b xxu||||| |||| 00| 0 eng d
020 _a978-81-97979-69-9
050 _aHA 29
_b.S56 2025
100 _aSingh, Krishna,
_eauthor.
245 _aStrategic methods and concept of statistics /
_cKrishna Singh.
250 _aFirst edition.
260 _aNew Delhi, India :
_bVenus Books,
_c2025.
300 _axiii, 260 pages :
_billustrations ;
_c24 cm.
504 _aIncludes bibliographical references and index.
650 _aStatistical methods.
650 _aSocial sciences
_xStatistical methods.
650 _aData analysis (Statistics).
650 _aSampling methods (Statistics).
942 _2lcc
_cBK
999 _c368301
_d368301